Matemática dinámica 3 /

Guardado en:
Autor Principal: Varela, Leopoldo
Formato: Libro
Publicado: Buenos Aires : Kapelusz, 1975
Materias:
Etiquetas: Agregar Etiqueta
Sin Etiquetas, Sea el primero en etiquetar este registro!
LEADER 00795nam a22002295a 4500
001 CEM.cems006441
005 20060214000000.0
008 130507s1975##################000#0#####d
003 CEMS
082 0 4 |a 510 
100 1 |a Varela, Leopoldo 
245 1 0 |a Matemática dinámica 3 / 
260 |a Buenos Aires :  |b Kapelusz,  |c 1975 
300 |a 192 p. 
505 0 |a ción paralela; Teorema de Thales; Semejanza; Escalas; Producto escalar; Teorema de Pitagoras; Poligonos regulares; El numero Pi; Circunferencia; Figuras circulares 
653 |a Ecuaciones 
653 |a Factoreo 
653 |a Matematica 
653 |a Matematica 3er. año 
653 |a Numero pi 
859 |a CEMS  |b BIB. CEMS - 11 de abril  |h 510  |i V425/III  |p 10005.81  |t Ej.1 
859 |a CEMS  |b BIB. CEMS - 11 de abril  |h 510  |i V425/III  |p 10006.81  |t Ej.2